[Event "Lleida-ch B"]
[Site "La Guardia"]
[Date "2015.09.27"]
[Round "1.6"]
[White "Vladimirov Savov, Tsanco"]
[Black "Cabiscol Catala, Nadal"]
[Result "1/2-1/2"]
[WhiteElo "1897"]
[BlackElo "1735"]
[PlyCount "123"]
[EventDate "2015.09.27"]
[EventType "swiss"]
[EventRounds "9"]
[EventCountry "ESP"]
[SourceTitle "EXT 2024"]
[Source "ChessBase"]
[SourceDate "2023.10.10"]
[SourceVersion "1"]
[SourceVersionDate "2023.10.10"]
[SourceQuality "1"]

1. e4 e5 2. Nf3 Nc6 3. Bb5 a6 4. Bxc6 dxc6 5. Nxe5 Qd4 6. Nf3 Qxe4+ 7. Qe2 Qxe2+ 8. Kxe2 Bg4 9. Re1 0-0-0 10. Kf1 Bxf3 11. gxf3 Bd6 12. d3 Bxh2 13. f4 g5 14. fxg5 h6 15. Kg2 Bd6 16. Rh1 h5 17. Nc3 Bc5 18. Ne4 Ba7 19. Bf4 Ne7 20. Be5 Rhg8 21. Rxh5 Rg6 22. Bf6 Re8 23. Bxe7 Rxe7 24. Rh8+ Kd7 25. Re1 Rxg5+ 26. Kf3 Rf5+ 27. Kg2 Bxf2 28. Rf1 Bd4 29. Rxf5 Bxh8 30. c3 Ke6 31. Rh5 Re8 32. Nc5+ Ke7 33. d4 b6 34. Nxa6 Kd7 35. Kf3 Kd6 36. Nb4 f6 37. a3 Rf8 38. Rh7 Rg8 39. Na6 Bg7 40. c4 f5 41. c5+ bxc5 42. dxc5+ Kd5 43. Nxc7+ Kc4 44. b4 Bb2 45. Rf7 Bxa3 46. Rxf5 Bxb4 47. Rf4+ Kc3 48. Na6 Ba3 49. Rf6 Rc8 50. Ke4 Kc4 51. Ke3 Bxc5+ 52. Nxc5 Kxc5 53. Kd3 Rd8+ 54. Kc3 Rd6 55. Rf5+ Kb6 56. Rf8 c5 57. Rc8 Rd5 58. Rb8+ Kc6 59. Rc8+ Kd7 60. Rf8 Rd6 61. Kc4 Rc6 62. Rf5 1/2-1/2